Elasticity theory and applications

Salvato in:
Dettagli Bibliografici
Autore principale: Saada, Adel S (Autore)
Natura: Libro
Lingua:inglese
Pubblicazione: Nueva York Pergamon Press 1974
Serie:Pergamon Unified Engineering Series
Soggetti:
Tags: Aggiungi Tag
Nessun Tag, puoi essere il primo ad aggiungerne!!

MARC

LEADER 00000nam a2200000 a 4500
001 UCQ9291
003 CL-VaPUC
008 981230e19740000US |||||||||||||||||eng|d
082 0 4 |a 531.38  |b SAA  |2 21 
100 0 |a Saada, Adel S  |e author  |9 423810 
245 1 0 |a Elasticity theory and applications 
300 |a 643 p 
942 |c BK 
945 |d 19981230 00:00:00  |a cmena 
260 |a Nueva York  |b Pergamon Press  |c 1974 
650 7 |a ELASTICIDAD  |2 CL-VaPUC  |9 266503 
650 7 |a ESFUERZOS Y DEFORMACIONES  |2 CL-VaPUC  |9 262658 
650 0 |a Física matemática   |9 260981 
583 |a last modification  |c 19981230 00:00:00  |k Rodrigo Vera 
490 0 |a Pergamon Unified Engineering Series 
999 |c 278362  |d 278360 
952 |0 0  |1 0  |4 0  |6 531_380000000000000_SAA_1974  |7 0  |8 A  |9 316858  |a BIBMAT  |b BIBMAT  |d 2019-11-20  |i 1311395  |o 531.38 SAA 1974  |p 1311395  |r 2025-01-07  |w 2019-11-20  |y BK  |k MAT